[Event "POL-chT 1st League"]
[Site "Sypniewo"]
[Date "2022.09.10"]
[Round "8.8"]
[White "Maka, Marcin"]
[Black "Mazalon, Mariusz"]
[Result "1/2-1/2"]
[WhiteElo "2091"]
[BlackElo "1978"]
[PlyCount "26"]
[EventDate "2022.09.03"]
[EventType "team-swiss"]
[EventRounds "9"]
[EventCountry "POL"]
[SourceTitle "CBM 210 Extra"]
[Source "ChessBase"]
[SourceDate "2022.11.30"]
[SourceVersion "1"]
[SourceVersionDate "2022.11.30"]
[SourceQuality "1"]
[WhiteTeam "Lublin LKSz"]
[BlackTeam "Bydgoszcz Hetman"]
[WhiteTeamCountry "POL"]
[BlackTeamCountry "POL"]

1. d4 Nf6 2. c4 e6 3. Nc3 Bb4 4. Qc2 0-0 5. Bg5 h6 6. Bh4 b6 7. a3 Bxc3+ 8. Qxc3 Bb7 9. f3 d5 10. e3 Nbd7 11. Bd3 c5 12. dxc5 bxc5 13. Ne2 Rc8 1/2-1/2

[Event "POL-chT 1st League"]
[Site "Sypniewo"]
[Date "2022.09.08"]
[Round "6.8"]
[White "Maka, Marcin"]
[Black "Stanislawski, Karol"]
[Result "1-0"]
[WhiteElo "2091"]
[BlackElo "1746"]
[PlyCount "49"]
[EventDate "2022.09.03"]
[EventType "team-swiss"]
[EventRounds "9"]
[EventCountry "POL"]
[SourceTitle "CBM 210 Extra"]
[Source "ChessBase"]
[SourceDate "2022.11.30"]
[SourceVersion "1"]
[SourceVersionDate "2022.11.30"]
[SourceQuality "1"]
[WhiteTeam "Lublin LKSz"]
[BlackTeam "Chrobry Gniezno"]
[WhiteTeamCountry "POL"]
[BlackTeamCountry "POL"]

1. e4 c5 2. Nc3 g6 3. f4 Bg7 4. Nf3 Nc6 5. Bc4 d6 6. 0-0 e6 7. d3 Nge7 8. Qe1 0-0 9. f5 exf5 10. Qh4 h5 11. Bg5 Qc7 12. Rae1 fxe4 13. Rxe4 Nf5 14. Qe1 Qa5 15. Nh4 Ne5 16. Rxe5 Bxe5 17. Nxg6 Re8 18. Nxe5 Rxe5 19. Qd1 Qb6 20. Qxh5 d5 21. Nxd5 Rxd5 22. Bxd5 c4+ 23. Kh1 Be6 24. Bf6 Ng7 25. Qh6 1-0

[Event "POL-chT 1st League"]
[Site "Sypniewo"]
[Date "2022.09.07"]
[Round "5.8"]
[White "Moscicka, Pola"]
[Black "Maka, Marcin"]
[Result "1/2-1/2"]
[WhiteElo "1958"]
[BlackElo "2091"]
[PlyCount "51"]
[EventDate "2022.09.03"]
[EventType "team-swiss"]
[EventRounds "9"]
[EventCountry "POL"]
[SourceTitle "CBM 210 Extra"]
[Source "ChessBase"]
[SourceDate "2022.11.30"]
[SourceVersion "1"]
[SourceVersionDate "2022.11.30"]
[SourceQuality "1"]
[WhiteTeam "Chylice Laura"]
[BlackTeam "Lublin LKSz"]
[WhiteTeamCountry "POL"]
[BlackTeamCountry "POL"]

1. d4 d5 2. c4 e6 3. Nc3 Nf6 4. cxd5 exd5 5. Bg5 Nbd7 6. e3 Be7 7. Bd3 c6 8. Nge2 Nh5 9. Bxe7 Qxe7 10. g4 Nhf6 11. Ng3 g6 12. Qe2 h5 13. g5 Nh7 14. h4 Nb6 15. 0-0-0 Be6 16. Kb1 0-0-0 17. Rc1 Kb8 18. Qc2 Nf8 19. Nge2 Bg4 20. Nf4 Ne6 21. Nce2 Ng7 22. Ng3 Rhe8 23. Rhe1 Bf3 24. Qc3 Qd7 25. Rg1 Nc8 26. Bc2 1/2-1/2

[Event "POL-chT 2nd League"]
[Site "Sypniewo"]
[Date "2021.09.06"]
[Round "3.2"]
[White "Sowa, Wiktoria"]
[Black "Maka, Marcin"]
[Result "0-1"]
[WhiteElo "2016"]
[BlackElo "2086"]
[PlyCount "110"]
[EventDate "2021.09.04"]
[EventType "team-swiss"]
[EventRounds "9"]
[EventCountry "POL"]
[SourceTitle "CBM 204 Extra"]
[Source "ChessBase"]
[SourceDate "2021.11.30"]
[SourceVersion "1"]
[SourceVersionDate "2021.11.30"]
[SourceQuality "1"]
[WhiteTeam "Opole Rodlo II"]
[BlackTeam "Lublin Drakon SKOK Chmielewskiego"]
[WhiteTeamCountry "POL"]
[BlackTeamCountry "POL"]

1. e4 c5 2. Nf3 Nc6 3. d4 cxd4 4. Nxd4 Nf6 5. Nc3 e5 6. Ndb5 d6 7. Bg5 a6 8. Na3 b5 9. Nd5 Be7 10. Bxf6 Bxf6 11. c4 b4 12. Nc2 0-0 13. g3 a5 14. Bg2 Rb8 15. b3 g6 16. 0-0 Bg7 17. Qd2 Be6 18. Rad1 Bxd5 19. cxd5 Na7 20. Kh1 Nb5 21. Ne3 f5 22. exf5 gxf5 23. Nc4 Nc3 24. Rde1 Rb5 25. f4 e4 26. Ne3 Qd7 27. Bh3 h5 28. Rf2 Kh7 29. Bf1 Rc5 30. Bc4 Qa7 31. Rff1 Kg6 32. Qg2 Bd4 33. Nd1 Re8 34. Nxc3 bxc3 35. Qc2 Qc7 36. h3 Qg7 37. Kh2 Rg8 38. g4 hxg4 39. hxg4 Qh6+ 40. Kg3 Kf6 41. Be2 Be3 42. Bd1 Bd2 43. Rxe4 fxe4 44. Qxe4 Kf7 45. Qf5+ Qf6 46. Qd7+ Qe7 47. Qf5+ Ke8 48. g5 Qf7 49. Bh5 Qxh5 50. Qe6+ Kf8 51. Qxd6+ Kf7 52. Qxc5 Re8 53. Rf3 Be1+ 54. Rf2 Qe2 55. Qc7+ Re7 0-1

[Event "POL-chT 2nd League"]
[Site "Sypniewo"]
[Date "2021.09.04"]
[Round "1.3"]
[White "Walaszczyk, Witold"]
[Black "Maka, Marcin"]
[Result "0-1"]
[WhiteElo "2019"]
[BlackElo "2086"]
[PlyCount "72"]
[EventDate "2021.09.04"]
[EventType "team-swiss"]
[EventRounds "9"]
[EventCountry "POL"]
[SourceTitle "CBM 204 Extra"]
[Source "ChessBase"]
[SourceDate "2021.11.30"]
[SourceVersion "1"]
[SourceVersionDate "2021.11.30"]
[SourceQuality "1"]
[WhiteTeam "Konin Hetman"]
[BlackTeam "Lublin Drakon SKOK Chmielewskiego"]
[WhiteTeamCountry "POL"]
[BlackTeamCountry "POL"]

1. d4 d5 2. Nf3 Nf6 3. c4 e6 4. g3 dxc4 5. Bg2 Nbd7 6. 0-0 c5 7. Na3 cxd4 8. Nxc4 Nb6 9. Nxb6 Qxb6 10. Nxd4 Bd7 11. Nb3 Rc8 12. Be3 Qa6 13. Qd2 b6 14. Rfd1 Be7 15. Bd4 Ba4 16. Rdc1 0-0 17. Rxc8 Rxc8 18. Rc1 Bb5 19. Rxc8+ Qxc8 20. Bc3 Bc6 21. Bxc6 Qxc6 22. Qf4 Qb7 23. Qe5 h6 24. a4 Qd7 25. Qd4 Qc6 26. a5 Ne8 27. axb6 axb6 28. Qf4 Bd6 29. Qg4 Qd5 30. Nd4 Nf6 31. Qh4 Bc5 32. e3 Ne4 33. Qf4 Ng5 34. Qb8+ Kh7 35. h4 Nh3+ 36. Kf1 e5 0-1

[Event "POL-chT 2nd League"]
[Site "Poronin"]
[Date "2020.09.13"]
[Round "9.16"]
[White "Rosicki, Marcin"]
[Black "Maka, Marcin"]
[Result "0-1"]
[WhiteElo "2039"]
[BlackElo "2124"]
[PlyCount "52"]
[EventDate "2020.09.05"]
[EventType "team-swiss"]
[EventRounds "9"]
[EventCountry "POL"]
[SourceTitle "CBM 198 Extra"]
[Source "ChessBase"]
[SourceDate "2020.11.30"]
[SourceVersion "1"]
[SourceVersionDate "2020.11.30"]
[SourceQuality "1"]
[WhiteTeam "Jaworzno"]
[BlackTeam "Lublin LKSz"]
[WhiteTeamCountry "POL"]
[BlackTeamCountry "POL"]

1. e4 c5 2. c4 Nc6 3. Ne2 e5 4. Nbc3 d6 5. d3 g6 6. g3 Bg7 7. Bg2 Nge7 8. 0-0 0-0 9. Be3 h6 10. Qd2 Kh7 11. Nd5 f5 12. Rab1 Nd4 13. f4 Nxd5 14. cxd5 a5 15. Kh1 b6 16. b3 fxe4 17. Bxe4 Nf5 18. g4 Nxe3 19. Qxe3 Bxg4 20. Bxg6+ Kxg6 21. Rg1 h5 22. Qg3 Kh6 23. h3 exf4 24. Nxf4 Be5 25. Rbf1 Qg5 26. Ne6 Rxf1 0-1

[Event "POL-chT 2nd League"]
[Site "Poronin"]
[Date "2020.09.07"]
[Round "3.7"]
[White "Dubinski, Mateusz"]
[Black "Maka, Marcin"]
[Result "1-0"]
[WhiteElo "2345"]
[BlackElo "2124"]
[PlyCount "65"]
[EventDate "2020.09.05"]
[EventType "team-swiss"]
[EventRounds "9"]
[EventCountry "POL"]
[SourceTitle "CBM 198 Extra"]
[Source "ChessBase"]
[SourceDate "2020.11.30"]
[SourceVersion "1"]
[SourceVersionDate "2020.11.30"]
[SourceQuality "1"]
[WhiteTeam "Kopernik WKS"]
[BlackTeam "Lublin LKSz"]
[WhiteTeamCountry "POL"]
[BlackTeamCountry "POL"]

1. d4 d5 2. c4 e6 3. Nc3 Nf6 4. cxd5 exd5 5. Bg5 c6 6. e3 Be7 7. Bd3 Nbd7 8. Qc2 Nf8 9. Nf3 Ng6 10. 0-0 Bg4 11. Ne5 Nxe5 12. dxe5 Nd7 13. Bf4 Be6 14. e4 d4 15. Ne2 c5 16. Bc4 Qc7 17. Bxe6 fxe6 18. Nxd4 Qb6 19. Nf3 0-0 20. Bg3 Qc6 21. Rfd1 b5 22. a4 bxa4 23. Nd4 Qb6 24. Ne2 Nb8 25. Qc4 Qb3 26. Qxa4 Qxb2 27. Qc4 Qb6 28. Nf4 Kf7 29. Rd6 Qb4 30. Qxe6+ Ke8 31. Rad1 Nc6 32. Rxc6 Qa4 33. Qd7+ 1-0

[Event "POL-chT 2nd League"]
[Site "Poronin"]
[Date "2020.09.05"]
[Round "1.13"]
[White "Panek, Bartosz"]
[Black "Maka, Marcin"]
[Result "1/2-1/2"]
[WhiteElo "1979"]
[BlackElo "2124"]
[PlyCount "77"]
[EventDate "2020.09.05"]
[EventType "team-swiss"]
[EventRounds "9"]
[EventCountry "POL"]
[SourceTitle "CBM 198 Extra"]
[Source "ChessBase"]
[SourceDate "2020.11.30"]
[SourceVersion "1"]
[SourceVersionDate "2020.11.30"]
[SourceQuality "1"]
[WhiteTeam "Rydultowy Ognisko"]
[BlackTeam "Lublin LKSz"]
[WhiteTeamCountry "POL"]
[BlackTeamCountry "POL"]

1. e4 c5 2. Nc3 Nc6 3. g3 g6 4. Bg2 Bg7 5. d3 d6 6. Nge2 Nd4 7. 0-0 Rb8 8. a4 a6 9. f4 b5 10. axb5 axb5 11. h3 e6 12. e5 dxe5 13. fxe5 Bxe5 14. Ne4 Qb6 15. c3 Nf5 16. g4 Nd6 17. Be3 Nxe4 18. Bxe4 Nf6 19. Bg2 0-0 20. b4 Nd7 21. bxc5 Nxc5 22. d4 Nd7 23. Qd2 Bg7 24. d5 Qd6 25. dxe6 Qxd2 26. exf7+ Rxf7 27. Bxd2 Rxf1+ 28. Rxf1 Bb7 29. Rb1 Bxg2 30. Kxg2 Kf7 31. Bf4 Rb7 32. Be3 Ke6 33. Bd4 Bh6 34. Kf3 Kd5 35. h4 Bf8 36. Nf4+ Kc4 37. Ng2 Kd5 38. Nf4+ Kc4 39. Ke4 1/2-1/2

[Event "POL-chT 2nd League"]
[Site "Jastrzebia Gora"]
[Date "2019.09.14"]
[Round "8.7"]
[White "Maka, Marcin"]
[Black "Jankowiak, Tomasz"]
[Result "1-0"]
[WhiteElo "2108"]
[BlackElo "2075"]
[PlyCount "85"]
[EventDate "2019.09.07"]
[EventType "team-swiss"]
[EventRounds "9"]
[EventCountry "POL"]
[SourceTitle "EXT 2020"]
[Source "ChessBase"]
[SourceDate "2019.10.17"]
[SourceVersion "1"]
[SourceVersionDate "2019.10.17"]
[SourceQuality "1"]
[WhiteTeam "Lublin LKSz"]
[BlackTeam "Bogatynia UKS SP3"]
[WhiteTeamCountry "POL"]
[BlackTeamCountry "POL"]

1. e4 c5 2. Nc3 d6 3. g3 Nc6 4. Bg2 g6 5. d3 Bg7 6. Nh3 e6 7. Be3 Nd4 8. 0-0 Ne7 9. Qd2 Qa5 10. Bh6 0-0 11. Nd5 Qd8 12. Bxg7 Kxg7 13. Ne3 e5 14. f4 f6 15. c3 Ndc6 16. f5 g5 17. g4 h6 18. Nf2 b5 19. Nh1 Bd7 20. Ng3 Be8 21. h4 b4 22. Bf3 Bf7 23. Nh5+ Bxh5 24. gxh5 Kh7 25. Kh1 a5 26. Rg1 a4 27. a3 bxc3 28. bxc3 Na5 29. Raf1 Rb8 30. Rg2 Rb3 31. Qc1 Qb6 32. Ng4 Qd8 33. Nxh6 Kxh6 34. hxg5+ Kg7 35. h6+ Kh8 36. g6 Rg8 37. g7+ Kh7 38. Bh5 Re8 39. Rfg1 c4 40. Qd1 cxd3 41. Qg4 Kg8 42. h7+ Kxh7 43. Bf7 1-0

[Event "POL-ch U18"]
[Site "Zakopane"]
[Date "2001.01.25"]
[Round "10"]
[White "Maka, Marcin"]
[Black "Wojciechowski, Adam"]
[Result "0-1"]
[WhiteElo "2094"]
[BlackElo "2112"]
[PlyCount "61"]
[EventDate "2001.01.16"]
[EventType "swiss"]
[EventRounds "11"]
[EventCountry "POL"]
[SourceTitle "EXT 2002"]
[Source "ChessBase"]
[SourceDate "2001.11.25"]
[SourceVersion "1"]
[SourceVersionDate "2001.11.25"]
[SourceQuality "1"]

1. c4 e6 2. g3 d5 3. Bg2 Nf6 4. d4 Be7 5. Nf3 0-0 6. 0-0 b6 7. Qc2 Bb7 8. Ne5 c5 9. dxc5 bxc5 10. cxd5 exd5 11. Rd1 Nbd7 12. Bf4 Nb6 13. a4 Nh5 14. a5 f6 15. Nd3 Nc4 16. g4 Nxf4 17. Nxf4 Nxa5 18. Ne6 Qb6 19. Nxf8 Rxf8 20. Bxd5+ Bxd5 21. Rxd5 Qe6 22. Nc3 Qxg4+ 23. Kh1 Nc6 24. Qe4 Qc8 25. Qf5 Qa8 26. Qe6+ Kh8 27. f3 Re8 28. Rd7 Bf8 29. Raxa7 Qxa7 30. Qxc6 Qb8 31. Rc7 0-1

[Event "POL-ch U18"]
[Site "Zakopane"]
[Date "2001.01.21"]
[Round "6"]
[White "Maka, Marcin"]
[Black "Moldawski, Tomasz"]
[Result "1/2-1/2"]
[WhiteElo "2094"]
[BlackElo "2021"]
[PlyCount "60"]
[EventDate "2001.01.16"]
[EventType "swiss"]
[EventRounds "11"]
[EventCountry "POL"]
[SourceTitle "EXT 2002"]
[Source "ChessBase"]
[SourceDate "2001.11.25"]
[SourceVersion "1"]
[SourceVersionDate "2001.11.25"]
[SourceQuality "1"]

1. e4 c5 2. c3 Nf6 3. e5 Nd5 4. d4 cxd4 5. Nf3 Nc6 6. Bc4 e6 7. cxd4 d6 8. Qe2 dxe5 9. dxe5 Na5 10. Bd3 Bb4+ 11. Kf1 Bd7 12. g3 Qb6 13. Nbd2 Be7 14. a3 Nb3 15. Nxb3 Qxb3 16. Bc4 Qb6 17. Bxd5 exd5 18. Be3 Bc5 19. Bxc5 Bh3+ 20. Kg1 Qxc5 21. Ng5 Be6 22. Nxe6 fxe6 23. Qg4 0-0 24. Qxe6+ Kh8 25. Rf1 Rxf2 26. Rxf2 Rf8 27. Kg2 Qxf2+ 28. Kh3 Qf3 29. Rc1 d4 30. Rc8 Qh5+ 1/2-1/2

[Event "POL-ch U18"]
[Site "Zakopane"]
[Date "2001.01.16"]
[Round "1"]
[White "Lagowski, Patryk"]
[Black "Maka, Marcin"]
[Result "1-0"]
[WhiteElo "2301"]
[BlackElo "2094"]
[PlyCount "43"]
[EventDate "2001.01.16"]
[EventType "swiss"]
[EventRounds "11"]
[EventCountry "POL"]
[SourceTitle "EXT 2002"]
[Source "ChessBase"]
[SourceDate "2001.11.25"]
[SourceVersion "1"]
[SourceVersionDate "2001.11.25"]
[SourceQuality "1"]

1. d4 d5 2. c4 e6 3. g3 c6 4. Bg2 Nf6 5. Nf3 Nbd7 6. 0-0 Bd6 7. Nc3 Qe7 8. Re1 Ne4 9. Nd2 Nxc3 10. bxc3 f5 11. cxd5 cxd5 12. c4 Nf6 13. Qb3 0-0 14. e3 Bd7 15. c5 Bc7 16. Qxb7 Ba5 17. Qa6 Bc3 18. Rb1 e5 19. dxe5 Ne4 20. Qd3 Qxc5 21. Rd1 Ba4 22. Nb3 1-0

[Event "POL-chT U19 2nd League"]
[Site "Krynica"]
[Date "2001.??.??"]
[Round "7"]
[White "Wasilewski, Pawel"]
[Black "Maka, Marcin"]
[Result "1-0"]
[WhiteElo "2170"]
[BlackElo "2115"]
[PlyCount "40"]
[EventDate "2001.07.16"]
[EventType "team-swiss"]
[EventRounds "11"]
[EventCountry "POL"]
[SourceTitle "EXT 2003"]
[Source "ChessBase"]
[SourceDate "2002.11.25"]
[SourceVersion "1"]
[SourceVersionDate "2002.11.25"]
[SourceQuality "1"]
[WhiteTeam "Zieleniewo GKSZ Solny U19"]
[BlackTeam "Lublin Start U19"]
[WhiteTeamCountry "POL"]
[BlackTeamCountry "POL"]

1. d4 d5 2. Nc3 Bf5 3. f3 e6 4. e4 Bg6 5. Nh3 dxe4 6. Nxe4 Nf6 7. Nxf6+ gxf6 8. c3 c6 9. Bc4 Nd7 10. Qe2 Nb6 11. Bb3 Qc7 12. Bf4 Bd6 13. Bxd6 Qxd6 14. Nf2 0-0-0 15. Ne4 Qe7 16. 0-0-0 e5 17. Nf2 Qc7 18. dxe5 fxe5 19. Rhe1 Rhe8 20. Rxd8+ Qxd8 1-0

[Event "POL-chT U19 31st"]
[Site "Wisla"]
[Date "2000.07.27"]
[Round "9.1"]
[White "Jakubowski, Krzysztof"]
[Black "Maka, Marcin"]
[Result "1-0"]
[WhiteElo "2371"]
[BlackElo "2097"]
[PlyCount "65"]
[EventDate "2000.07.19"]
[EventType "team-tourn"]
[EventRounds "11"]
[EventCountry "POL"]
[SourceTitle "EXT 2005"]
[Source "ChessBase"]
[SourceDate "2004.11.15"]
[SourceVersion "1"]
[SourceVersionDate "2004.11.15"]
[SourceQuality "1"]
[WhiteTeam "Plock PTSz U19"]
[BlackTeam "Lublin Start U19"]
[WhiteTeamCountry "POL"]
[BlackTeamCountry "POL"]

1. Nf3 d5 2. g3 Nf6 3. Bg2 e6 4. 0-0 Nbd7 5. d3 Bd6 6. Nbd2 0-0 7. e4 c6 8. a4 Qc7 9. Nh4 Re8 10. Kh1 e5 11. b3 dxe4 12. dxe4 Nf8 13. Bb2 Bc5 14. h3 Ne6 15. Nhf3 Nd4 16. Nxd4 Bxd4 17. Bxd4 exd4 18. f4 Rd8 19. Qe2 c5 20. g4 Qe7 21. Rae1 Ne8 22. e5 Be6 23. f5 Bd5 24. Nc4 Qh4 25. Kh2 Nc7 26. Nd6 b6 27. Bxd5 Nxd5 28. Qc4 Ne3 29. Qxf7+ Kh8 30. Rxe3 dxe3 31. f6 Rg8 32. Qe7 e2 33. Nf7# 1-0

[Event "POL-ch U18"]
[Site "Wisla"]
[Date "2000.??.??"]
[Round "8"]
[White "Maka, Marcin"]
[Black "Szymanski, Marcin"]
[Result "1/2-1/2"]
[WhiteElo "2062"]
[BlackElo "2335"]
[PlyCount "107"]
[EventDate "2000.02.26"]
[EventType "swiss"]
[EventRounds "10"]
[EventCountry "POL"]
[SourceTitle "EXT 2005"]
[Source "ChessBase"]
[SourceDate "2004.11.15"]
[SourceVersion "1"]
[SourceVersionDate "2004.11.15"]
[SourceQuality "1"]

1. e4 e6 2. d4 d5 3. Nd2 Be7 4. c3 dxe4 5. Nxe4 Nf6 6. Bd3 Nbd7 7. Qe2 c5 8. Nxf6+ Nxf6 9. dxc5 Qd5 10. Nf3 Qxc5 11. Be3 Qh5 12. Bd4 Bd7 13. Ne5 Qxe2+ 14. Bxe2 Nd5 15. Nxd7 Kxd7 16. Bf3 Bf6 17. 0-0-0 Bxd4 18. Rxd4 Kc7 19. Bxd5 exd5 20. Rxd5 Rhe8 21. Rhd1 Re7 22. Kc2 Rae8 23. R1d2 Kc8 24. b4 Re6 25. Kb3 Re5 26. Rd7 R5e7 27. R7d5 Re5 28. Rd7 R5e7 29. Rxe7 Rxe7 30. c4 Re1 31. h4 f5 32. Kc3 Rh1 33. g3 Rh2 34. f4 Rh1 35. Rd3 Ra1 36. Kb2 Re1 37. a3 Re4 38. Kc3 Kc7 39. b5 g6 40. a4 Re2 41. Kb4 Re1 42. a5 Re4 43. Ra3 Re1 44. a6 b6 45. Rd3 Rb1+ 46. Rb3 Re1 47. Rc3 Rb1+ 48. Rb3 Re1 49. Rd3 Rb1+ 50. Kc3 Rc1+ 51. Kd4 Kd6 52. Rd2 Rg1 53. Kc3+ Kc7 54. Rd3 1/2-1/2

[Event "POL-ch U18"]
[Site "Wisla"]
[Date "2000.??.??"]
[Round "3"]
[White "Tworuszka, Sebastian"]
[Black "Maka, Marcin"]
[Result "0-1"]
[WhiteElo "1800"]
[BlackElo "2062"]
[PlyCount "82"]
[EventDate "2000.02.26"]
[EventType "swiss"]
[EventRounds "10"]
[EventCountry "POL"]
[SourceTitle "EXT 2005"]
[Source "ChessBase"]
[SourceDate "2004.11.15"]
[SourceVersion "1"]
[SourceVersionDate "2004.11.15"]
[SourceQuality "1"]

1. d4 d5 2. c4 e6 3. Nc3 Nf6 4. cxd5 exd5 5. Bg5 Nbd7 6. e3 Be7 7. Bd3 0-0 8. Nf3 Re8 9. 0-0 Nf8 10. Qc2 c6 11. Rab1 Ne4 12. Bxe7 Qxe7 13. Bxe4 dxe4 14. Nd2 f5 15. b4 Qh4 16. d5 cxd5 17. Nxd5 Be6 18. Nf4 Bf7 19. Nb3 Ne6 20. Nxe6 Rxe6 21. Nd4 Re5 22. f3 f4 23. fxe4 fxe3 24. Qc7 Re7 25. Qf4 Qxf4 26. Rxf4 Bxa2 27. Re1 Rd8 28. Nf5 Rf7 29. Rxe3 Kh8 30. Rff3 g6 31. Ng3 Rxf3 32. gxf3 Bc4 33. Rc3 b5 34. Kf2 Rd2+ 35. Ke3 Rxh2 36. e5 Kg7 37. Ne4 Rh5 38. Kf4 Rf5+ 39. Ke3 Rxe5 40. Kd4 Re7 41. f4 Rd7+ 0-1

[Event "POL-chT 2nd League South"]
[Site "Wisla"]
[Date "1998.??.??"]
[Round "?"]
[White "Maka, Marcin"]
[Black "Jakubiec, Edyta"]
[Result "1/2-1/2"]
[WhiteElo "2055"]
[BlackElo "2105"]
[PlyCount "20"]
[EventDate "1998.11.20"]
[EventType "team-swiss"]
[EventRounds "10"]
[EventCountry "POL"]
[SourceTitle "EXT 2000"]
[Source "ChessBase"]
[SourceDate "1999.11.16"]
[SourceVersion "1"]
[SourceVersionDate "1999.11.16"]
[SourceQuality "1"]

1. e4 c5 2. Nc3 Nc6 3. Nge2 Nf6 4. g3 d5 5. exd5 Nxd5 6. Bg2 Nc7 7. d3 g6 8. 0-0 Bg7 9. Ne4 Ne6 10. Rb1 0-0 1/2-1/2

[Event "POL-chT 2nd League South"]
[Site "Wisla"]
[Date "1998.??.??"]
[Round "?"]
[White "Maka, Marcin"]
[Black "Zimny, Joanna"]
[Result "1-0"]
[WhiteElo "2055"]
[BlackElo "2060"]
[PlyCount "85"]
[EventDate "1998.11.20"]
[EventType "team-swiss"]
[EventRounds "10"]
[EventCountry "POL"]
[SourceTitle "EXT 2000"]
[Source "ChessBase"]
[SourceDate "1999.11.16"]
[SourceVersion "1"]
[SourceVersionDate "1999.11.16"]
[SourceQuality "1"]

1. e4 e5 2. Nf3 Nc6 3. Bb5 a6 4. Ba4 Nf6 5. d3 b5 6. Bb3 Be7 7. c3 0-0 8. 0-0 d5 9. Qe2 Bg4 10. Re1 d4 11. Nbd2 Qd7 12. c4 b4 13. Nf1 Rfe8 14. Ng3 Bf8 15. h3 Be6 16. Ba4 Qd6 17. Bxc6 Qxc6 18. Nxe5 Qc5 19. Ng4 Nd7 20. Nh2 f5 21. Bf4 Nf6 22. e5 Nd7 23. Nf3 g6 24. b3 Bg7 25. Qb2 Bf7 26. Qxd4 Qxd4 27. Nxd4 Nxe5 28. Rad1 c5 29. Nc2 Nc6 30. Ne2 Rad8 31. Bc7 Rd7 32. Bb6 Rde7 33. Kf1 Bf8 34. d4 cxd4 35. Nexd4 Ne5 36. Nxb4 Rb7 37. c5 a5 38. Nbc6 Nxc6 39. Nxc6 Rc8 40. Nxa5 Rxb6 41. cxb6 Bb4 42. Re5 Bc3 43. Rc1 1-0

[Event "POL-chT2"]
[Site "Augustow"]
[Date "1997.??.??"]
[Round "?"]
[White "Kaminski, Krzysztof"]
[Black "Maka, Marcin"]
[Result "1-0"]
[WhiteElo "2025"]
[BlackElo "2045"]
[PlyCount "62"]
[EventDate "1997.??.??"]
[EventType "team"]
[EventRounds "9"]
[EventCountry "POL"]
[SourceTitle "EXT 2003"]
[Source "ChessBase"]
[SourceDate "2002.11.25"]
[SourceVersion "1"]
[SourceVersionDate "2002.11.25"]
[SourceQuality "1"]

1. e4 c5 2. Nf3 e6 3. Qe2 Nc6 4. g3 g6 5. Bg2 Bg7 6. 0-0 Nge7 7. d3 0-0 8. h4 d5 9. h5 dxe4 10. dxe4 e5 11. c3 Bg4 12. h6 Bf6 13. Be3 b6 14. Qc2 Qc7 15. Nbd2 Rad8 16. Nh2 Be2 17. Rfe1 Bd3 18. Qc1 Qd7 19. Qd1 Bh8 20. Nhf3 c4 21. Ng5 Qd6 22. Bh3 f5 23. b3 Bf6 24. Nxc4 Qb8 25. Qc1 Bxg5 26. Bxg5 Bxe4 27. Qa3 b5 28. Rxe4 fxe4 29. Be6+ Kh8 30. Bxe7 bxc4 31. Qc5 Rde8 1-0

[Event "POL-chT2"]
[Site "Augustow"]
[Date "1997.??.??"]
[Round "?"]
[White "Kujawa, Jacek"]
[Black "Maka, Marcin"]
[Result "1/2-1/2"]
[WhiteElo "2110"]
[BlackElo "2045"]
[PlyCount "90"]
[EventDate "1997.??.??"]
[EventType "team"]
[EventRounds "9"]
[EventCountry "POL"]
[SourceTitle "EXT 2003"]
[Source "ChessBase"]
[SourceDate "2002.11.25"]
[SourceVersion "1"]
[SourceVersionDate "2002.11.25"]
[SourceQuality "1"]

1. d4 d5 2. Nf3 Nf6 3. c4 e6 4. Nc3 Be7 5. Bg5 Nbd7 6. cxd5 exd5 7. e3 0-0 8. Bd3 c6 9. Qc2 Re8 10. h3 g6 11. 0-0-0 b5 12. g4 a6 13. Bxf6 Bxf6 14. h4 Nf8 15. Rhg1 Be6 16. Nd2 Bxh4 17. Rg2 Be7 18. Bf5 Qb6 19. Qd3 b4 20. Na4 Qa5 21. Qb3 Kh8 22. Bxe6 fxe6 23. Nf3 c5 24. dxc5 Bxc5 25. Kb1 Rac8 26. Ne5 Qc7 27. Nxc5 Qxe5 28. f4 Qd6 29. Nd3 a5 30. Ne5 Qe7 31. Rc2 Nd7 32. Rxc8 Rxc8 33. Nxd7 Qxd7 34. Qd3 Qc6 35. f5 gxf5 36. gxf5 e5 37. b3 Qc3 38. Qxc3 Rxc3 39. Rxd5 Rxe3 40. Rxa5 Kg7 41. Ra7+ Kf6 42. Rxh7 Kxf5 43. Kc2 Re2+ 44. Kd3 Rxa2 45. Rf7+ Ke6 1/2-1/2

[Event "POL-chT2"]
[Site "Augustow"]
[Date "1997.??.??"]
[Round "?"]
[White "Maka, Marcin"]
[Black "Barglowski, Filip"]
[Result "1/2-1/2"]
[WhiteElo "2045"]
[BlackElo "2000"]
[PlyCount "41"]
[EventDate "1997.??.??"]
[EventType "team"]
[EventRounds "9"]
[EventCountry "POL"]
[SourceTitle "EXT 2003"]
[Source "ChessBase"]
[SourceDate "2002.11.25"]
[SourceVersion "1"]
[SourceVersionDate "2002.11.25"]
[SourceQuality "1"]

1. e4 Nf6 2. Nc3 e5 3. Nf3 Nc6 4. Bc4 Nxe4 5. Nxe4 d5 6. Bd3 dxe4 7. Bxe4 Bd7 8. Qe2 Qe7 9. 0-0 f6 10. Re1 0-0-0 11. d4 Nxd4 12. Nxd4 exd4 13. Bd2 Qc5 14. b4 Qb6 15. a4 Re8 16. Qf3 Bd6 17. a5 Qa6 18. Bd3 Qc6 19. Be4 Qa6 20. Bd3 Qc6 21. Be4 1/2-1/2

[Event "POL-chT2"]
[Site "Augustow"]
[Date "1997.??.??"]
[Round "?"]
[White "Maka, Marcin"]
[Black "Lagowski, Patryk"]
[Result "0-1"]
[WhiteElo "2045"]
[BlackElo "2045"]
[PlyCount "78"]
[EventDate "1997.??.??"]
[EventType "team"]
[EventRounds "9"]
[EventCountry "POL"]
[SourceTitle "EXT 2003"]
[Source "ChessBase"]
[SourceDate "2002.11.25"]
[SourceVersion "1"]
[SourceVersionDate "2002.11.25"]
[SourceQuality "1"]

1. e4 e6 2. d4 d5 3. Nd2 Nf6 4. e5 Nfd7 5. f4 c5 6. c3 a6 7. Ndf3 b5 8. Bd3 g6 9. Ne2 Qb6 10. 0-0 Nc6 11. Kh1 a5 12. Re1 Ba6 13. f5 gxf5 14. Nf4 Ne7 15. Ng5 h6 16. Nxf7 Kxf7 17. Qh5+ Kg8 18. g4 b4 19. Bc2 Rh7 20. gxf5 exf5 21. e6 Nf6 22. Qh4 Bg7 23. dxc5 Qc6 24. Rg1 Kh8 25. Rg2 Qxc5 26. Qg3 bxc3 27. bxc3 Rc8 28. Bd2 d4 29. Rag1 Bb7 30. Nd3 Bxg2+ 31. Rxg2 Ne4 32. Qh4 Qa7 33. Bf4 Nc6 34. Ba4 Qa6 35. Bxc6 Qxd3 36. Bd7 Qf1+ 37. Rg1 Nf2+ 38. Qxf2 Qxf2 39. Bxc8 Qxf4 0-1